Memòria /
Publicado:
Barcelona :
Diputació de Barcelona. Servei de Parcs Naturals, Xarxa de Parcs Naturals ,
1998
Descripción Física:
Volums : 30 cm
Materias:
Parc del Garraf (Catalunya)
; Barcelona (Catalunya : Província). -- Diputació -- Revistes
; Parcs naturals -- Barcelona (Catalunya : Província) -- Revistes
Idioma:
Catalán
MARC
| LEADER | 00000nam a2200000Ia 4500 | ||
|---|---|---|---|
| 001 | 22023, 22024, 22025, 12043, 12310, 12690, 14717, 13093, 22264, 22026, 17695, 18224, 19907, 20585 | ||
| 003 | Arxiu | ||
| 005 | 20260324181049.0 | ||
| 008 | 160829m19982007spc xx s cat c | ||
| 017 | |a DL B-11347-2005 | ||
| 040 | |a AGDB | ||
| 080 | |a C-3-234, C-3-235, C-3-236, C-1-115, C-1-116, C-1-117, C-2-280, C-2-199, C-3-260, C-3-237, C-2-442, C-2-210, C-3-62, C-3-96 | ||
| 110 | 2 | |a Parc del Garraf (Catalunya) |9 9859 | |
| 245 | 1 | 0 | |a Memòria / |c Parc Natural del Garraf |
| 260 | |a Barcelona : |b Diputació de Barcelona. Servei de Parcs Naturals, Xarxa de Parcs Naturals, |c 1998-2007 | ||
| 300 | |a Volums : |c 30 cm | ||
| 590 | |a La memòria de 2008 es troba al R. 22645 | ||
| 610 | 0 | |9 9859 |a Parc del Garraf (Catalunya) | |
| 610 | 1 | 0 | |a Barcelona (Catalunya : Província). |b Diputació |v Revistes |9 54166 |
| 650 | 0 | |a Parcs naturals |z Barcelona (Catalunya : Província) |v Revistes |9 53491 | |
| 710 | 1 | |a Barcelona (Catalunya : Província). |b Xarxa de Parcs Naturals |9 7250 | |
| 710 | |a Barcelona (Catalunya : Província). |b Servei de Parcs Naturals |9 53492 | ||
| 866 | |a 1994, 1995, 1996, 1997, 1998, 1999, 2000, 2001, 2002, 2003, 2004, 2005, 2006, 2007 | ||
| 901 | |a Arxiu | ||
| 942 | |n 1 |2 udc |c ARXIU | ||
| 952 | |0 0 |1 0 |4 0 |7 1 |9 49199 |a Arxiu |b Arxiu |d 2016-12-01 |o C-1-115, C-1-116, C-1-117, C-3-260, C-2-442, C-3-62, C-3-96 |r 2016-12-01 00:00:00 |w 2016-12-01 |y ARXIU | ||
| 952 | |0 0 |1 0 |4 0 |6 PDL |7 1 |9 63781 |a Arxiu |b Arxiu |d 2022-09-05 |h 2003 |l 0 |o PDL |p 26702 |r 2022-09-05 00:00:00 |w 2022-09-05 |y ARXIU | ||
| 952 | |0 0 |1 0 |4 0 |6 C3237 |7 1 |9 65519 |a Arxiu |b Arxiu |d 2023-03-07 |h 2003 |l 0 |o C-3-237 |p 22026 |r 2023-03-07 00:00:00 |w 2023-03-07 |y ARXIU | ||
| 952 | |0 0 |1 0 |4 0 |6 C3236 |7 1 |9 65520 |a Arxiu |b Arxiu |d 2023-03-07 |h 1996 |l 0 |o C-3-236 |p 22025 |r 2023-03-07 00:00:00 |w 2023-03-07 |y ARXIU | ||
| 952 | |0 0 |1 0 |4 0 |6 C3235 |7 1 |9 65521 |a Arxiu |b Arxiu |d 2023-03-07 |h 1995 |l 0 |o C-3-235 |p 22024 |r 2023-03-07 00:00:00 |w 2023-03-07 |y ARXIU | ||
| 952 | |0 0 |1 0 |4 0 |6 C3234 |7 1 |9 65522 |a Arxiu |b Arxiu |d 2023-03-07 |h 1994 |l 0 |o C-3-234 |p 22023 |r 2023-03-07 00:00:00 |w 2023-03-07 |y ARXIU | ||
| 952 | |0 0 |1 0 |4 0 |6 C2280 |7 1 |9 65524 |a Arxiu |b Arxiu |d 2023-03-07 |h 2001 |l 0 |o C-2-280 |p 14717 |r 2023-03-07 00:00:00 |w 2023-03-07 |y ARXIU | ||
| 952 | |0 0 |1 0 |4 0 |6 C2210 |7 1 |9 65548 |a Arxiu |b Arxiu |d 2023-03-08 |h 2005 |l 0 |o C-2-210 |p 18224 |r 2023-03-08 00:00:00 |w 2023-03-08 |y ARXIU | ||
| 952 | |0 0 |1 0 |4 0 |6 C2199 |7 1 |9 65551 |a Arxiu |b Arxiu |d 2023-03-08 |h 2000 |l 0 |o C-2-199 |p 13093 |r 2023-03-08 00:00:00 |w 2023-03-08 |y ARXIU | ||
| 999 | |c 53039 |d 53039 | ||